[Event "GER-chT U20"]
[Site "Osnabrueck"]
[Date "2018.12.29"]
[Round "5.6"]
[White "Lorenz, Keana"]
[Black "Wierick, Dennis"]
[Result "1/2-1/2"]
[WhiteElo "1459"]
[BlackElo "1455"]
[PlyCount "66"]
[EventDate "2018.12.27"]
[EventType "team-swiss"]
[EventRounds "7"]
[EventCountry "GER"]
[SourceTitle "CBM 188 Extra"]
[Source "ChessBase"]
[SourceDate "2019.02.26"]
[SourceVersion "1"]
[SourceVersionDate "2019.02.26"]
[SourceQuality "1"]
[WhiteTeam "Saalfeld"]
[BlackTeam "Hoyerswerda"]
[WhiteTeamCountry "GER"]
[BlackTeamCountry "GER"]

1. e4 c5 2. Nf3 e6 3. d4 cxd4 4. Nxd4 Nf6 5. e5 Qa5+ 6. c3 Qxe5+ 7. Be2 a6 8. Nd2 d5 9. N2f3 Qc7 10. 0-0 Bd6 11. Bd2 0-0 12. Rc1 e5 13. Nb3 e4 14. Nfd4 Bxh2+ 15. Kh1 Bf4 16. c4 Bxd2 17. Qxd2 Nc6 18. cxd5 Nxd5 19. Nxc6 bxc6 20. Qxd5 Qe7 21. Qh5 Rd8 22. Rxc6 Bb7 23. Rc3 Rd6 24. Rh3 Rh6 25. Qc5 Rxh3+ 26. gxh3 Qf6 27. Qc7 Bd5 28. Rd1 Qxf2 29. Rxd5 Qe1+ 30. Kg2 Qxe2+ 31. Kg3 Qf3+ 32. Kh4 Qf6+ 33. Kg3 Qf3+ 1/2-1/2

[Event "GER-chT U20"]
[Site "Osnabrueck"]
[Date "2018.12.28"]
[Round "3.6"]
[White "Nagy, Lukas"]
[Black "Wierick, Dennis"]
[Result "1-0"]
[WhiteElo "1728"]
[BlackElo "1455"]
[PlyCount "59"]
[EventDate "2018.12.27"]
[EventType "team-swiss"]
[EventRounds "7"]
[EventCountry "GER"]
[SourceTitle "CBM 188 Extra"]
[Source "ChessBase"]
[SourceDate "2019.02.26"]
[SourceVersion "1"]
[SourceVersionDate "2019.02.26"]
[SourceQuality "1"]
[WhiteTeam "Luebeck"]
[BlackTeam "Hoyerswerda"]
[WhiteTeamCountry "GER"]
[BlackTeamCountry "GER"]

1. e4 c5 2. Nf3 e6 3. d4 cxd4 4. Nxd4 Nf6 5. Nc3 d6 6. Bb5+ Nbd7 7. 0-0 a6 8. Bxd7+ Qxd7 9. f4 Be7 10. Qf3 Qc7 11. Be3 0-0 12. f5 e5 13. Nb3 b5 14. a3 Bb7 15. g4 Kh8 16. g5 Nd7 17. Qh3 g6 18. f6 Bd8 19. Qh6 Rg8 20. Rf3 Nf8 21. Raf1 Qd7 22. Rh3 Qg4+ 23. Rg3 Qe6 24. Rff3 Bc8 25. Nd5 Qe8 26. Bb6 Bxb6+ 27. Nxb6 Rb8 28. Nxc8 Rxc8 29. Rh3 Rxc2 30. Qxh7+ 1-0

[Event "GER-chT U20"]
[Site "Osnabrueck"]
[Date "2018.12.27"]
[Round "2.6"]
[White "Wierick, Dennis"]
[Black "Von Angern, Cedric"]
[Result "0-1"]
[WhiteElo "1455"]
[BlackElo "1760"]
[PlyCount "50"]
[EventDate "2018.12.27"]
[EventType "team-swiss"]
[EventRounds "7"]
[EventCountry "GER"]
[SourceTitle "CBM 188 Extra"]
[Source "ChessBase"]
[SourceDate "2019.02.26"]
[SourceVersion "1"]
[SourceVersionDate "2019.02.26"]
[SourceQuality "1"]
[WhiteTeam "Hoyerswerda"]
[BlackTeam "Magdeburg Aufbau Elbe"]
[WhiteTeamCountry "GER"]
[BlackTeamCountry "GER"]

1. d4 Nf6 2. Nf3 g6 3. e3 Bg7 4. Nbd2 d5 5. c3 0-0 6. Bd3 Nbd7 7. 0-0 Re8 8. e4 dxe4 9. Nxe4 Nxe4 10. Bxe4 c5 11. Be3 Qc7 12. Qd2 cxd4 13. Nxd4 a6 14. f4 Nf6 15. Bc2 Nd5 16. f5 Nxe3 17. Qxe3 Qb6 18. fxg6 hxg6 19. Qf2 Bxd4 20. cxd4 Be6 21. b3 Red8 22. Rad1 Rd7 23. Rd3 Rad8 24. Kh1 Rxd4 25. Rfd1 Rxd3 0-1